Normal view MARC view
  • Kelly, Julia

Entry Personal Name

Number of records used in: 2

001 - CONTROL NUMBER

  • control field: 112963

003 - CONTROL NUMBER IDENTIFIER

  • control field: NUST

005 - DATE AND TIME OF LATEST TRANSACTION

  • control field: 20230602124639.0

008 - FIXED-LENGTH DATA ELEMENTS

  • fixed length control field: 230602|| aca||aabn | a|a d

040 ## - CATALOGING SOURCE

  • Original cataloging agency: NUST
  • Transcribing agency: NUST

100 ## - HEADING--PERSONAL NAME

  • Personal name: Kelly, Julia

670 ## - SOURCE DATA FOUND

  • Source citation: Work cat.: (NUST)180261: Kelly, Julia., Using Microsoft Excel 2000 /, c1999.
© 2023 Central Library, National University of Sciences and Technology. All Rights Reserved.